La prohibición del despido y suspensiones no es inconstitucional (Registro nro. 19165)

Detalles MARC
000 -LEADER
fixed length control field 00336 a2200109 4500
001 - CONTROL NUMBER
control field ART_51209
005 - DATE AND TIME OF LATEST TRANSACTION
control field 20260410161745.0
008 - FIXED-LENGTH DATA ELEMENTS--GENERAL INFORMATION
fixed length control field 260409a
100 1# - MAIN ENTRY--PERSONAL NAME
Personal name Duarte, David
245 10 - TITLE STATEMENT
Title La prohibición del despido y suspensiones no es inconstitucional
773 0# - HOST ITEM ENTRY
Title Doctrina laboral
Related parts - N° 417 (mayo 2020)
Record control number REV4049

No hay ítems disponibles.